000 00332nam a2200133Ia 4500
008 231017s9999 xx 000 0 und d
082 _a388.4
082 _bBUX
245 0 _aNCHRP Synthesis 391: Public Sector Decision Making for Public-Private Partnerships
245 0 _cTRB
260 _bTRB
300 _c30cm
942 _cREP
999 _c604107
_d604107